[Event "Hanoi HD Bank op-B 8th"]
[Site "Hanoi"]
[Date "2018.03.12"]
[Round "4"]
[White "Nguyen, Van Vong"]
[Black "Luu, Quoc Viet"]
[Result "0-1"]
[WhiteElo "1131"]
[BlackElo "1087"]
[PlyCount "90"]
[EventDate "2018.03.10"]
[EventType "swiss"]
[EventRounds "9"]
[EventCountry "VIE"]
[SourceTitle "CBM 183 Extra"]
[Source "ChessBase"]
[SourceDate "2018.04.19"]
[SourceVersion "1"]
[SourceVersionDate "2018.04.19"]
[SourceQuality "1"]

1. d4 Nf6 2. Nf3 d5 3. h3 c5 4. dxc5 e6 5. Bg5 Bxc5 6. e3 Nbd7 7. Nbd2 a6 8. Be2 0-0 9. 0-0 b5 10. c3 h6 11. Bh4 Be7 12. Qc2 Bb7 13. Nh2 Nb6 14. Rfd1 Qc7 15. Bg3 Bd6 16. Bxd6 Qxd6 17. Bf3 Qc7 18. Re1 Nc4 19. Nxc4 dxc4 20. Bxb7 Qxb7 21. Rad1 Rfd8 22. Nf3 Qb6 23. e4 Rxd1 24. Qxd1 Rd8 25. Qe2 Qb7 26. e5 Nd5 27. Qe4 Qc7 28. Nd4 Nb6 29. Re2 Na4 30. Qc2 Nc5 31. b3 Nd3 32. bxc4 Qxc4 33. Nf3 Rc8 34. Re3 Nb4 35. Qb2 Nd5 36. Re2 Qxc3 37. Qxc3 Rxc3 38. Rb2 Rc1+ 39. Kh2 Ra1 40. Re2 Nc3 41. Rc2 b4 42. Nd4 Rxa2 43. Rxa2 Nxa2 44. Nc6 b3 45. Na5 b2 0-1